| 000 | 00750nam a2200229 a 4500 | ||
|---|---|---|---|
| 001 | 46910 | ||
| 003 | BD-RjUL | ||
| 005 | 20211209054228.0 | ||
| 008 | 160806s2001 bg ||||| |||| 00| 0 ben d | ||
| 020 | _a9847290121 | ||
| 035 | _a(BD-RjUL)47029 | ||
| 040 |
_aBD-RjUL _bben _cBD-RjUL _dBD-RjUL |
||
| 041 | _aben | ||
| 082 |
_a370 _223 _bISS 2001 |
||
| 100 |
_aইসলাম, শহিদু্ল _9119329 |
||
| 245 |
_aশিক্ষাভাবনা / _cশহিদু্ল ইসলাম |
||
| 260 |
_aঢাকা : _bশিক্ষাবার্ত প্রকাশন, _c২০০১ |
||
| 300 |
_a১৮০ পৃ. ; _c২২ সেমি |
||
| 650 |
_aশিক্ষা _9142896 |
||
| 650 |
_aEducation _9142897 |
||
| 942 |
_2ddc _cBK |
||
| 999 |
_c46910 _d46910 |
||